000 00295nam a22001337a 4500
008 170524b xxu||||| |||| 00| 0 eng d
020 _a9780521004718
041 _aeng
080 _2 2ND
_a62
100 _a26
101 _aIM
245 _aGENETIC ENGINEERING
_cNICHOLL, D.T
942 _2udc
_cBK
999 _c14019
_d14019